000 00315nam a2200133Ia 4500
100 _aWalkenbach/J/ Robinson/ P.
942 _cBK
654 _aWindows hd book
245 _a1-2-3- for Windows Complete hd. bk. Pc world
260 _bGalgotia
_aNew Delhi
_c1992
300 _a680
546 _aENGLISH
999 _c26564
_d26564